Fee-based services in library information centres (Record no. 103211)

MARC details
000 -LEADER
fixed length control field 00766cam a2200253 4500
001 - CONTROL NUMBER
control field L124347
008 - FIXED-LENGTH DATA ELEMENTS--GENERAL INFORMATION
fixed length control field 031117n2003 000 0 eng u
020 ## - INTERNATIONAL STANDARD BOOK NUMBER
International Standard Book Number 0851424759
035 ## - SYSTEM CONTROL NUMBER
System control number (Sirsi) u124347
041 ## - LANGUAGE CODE
Language code of text/sound track or separate title eng
050 04 - LIBRARY OF CONGRESS CALL NUMBER
Classification number 025.11 $2 18
100 1# - MAIN ENTRY--PERSONAL NAME
Personal name Webb, Sylvia P.
245 00 - TITLE STATEMENT
Title Fee-based services in library information centres
250 ## - EDITION STATEMENT
Edition statement 2nd ed.
260 ## - PUBLICATION, DISTRIBUTION, ETC.
Place of publication, distribution, etc. London
Name of publisher, distributor, etc. Europa
Date of publication, distribution, etc. 2003
300 ## - PHYSICAL DESCRIPTION
Extent vii, 130p.
Dimensions 20cm
350 ## - PRICE (NR) (BK AM CF MU VM SE) [OBSOLETE]
Price 15.99
490 #0 - SERIES STATEMENT
Series statement Aslib Know How Guide
520 ## - SUMMARY, ETC.
Summary, etc. Supersedes first edition entitled "Making a charge for library and information services" (ISBN 0851423396)
651 #4 - SUBJECT ADDED ENTRY--GEOGRAPHIC NAME
Geographic name United Kingdom
Chronological subdivision
690 ## - LOCAL SUBJECT ADDED ENTRY--TOPICAL TERM (OCLC, RLIN)
Topical term or geographic name as entry element MANAGEMENT-BUSINESS MANAGEMENT-INFORMATION MANAGEMENT
700 1# - ADDED ENTRY--PERSONAL NAME
Personal name Winterton, Jules
942 ## - ADDED ENTRY ELEMENTS (KOHA)
Suppress in OPAC 0
Holdings
Withdrawn status Lost status Source of classification or shelving scheme Damaged status Not for loan Home library Current library Shelving location Date acquired Cost, normal purchase price Total Checkouts Full call number Barcode Date last seen Date last checked out Copy number Cost, replacement price Price effective from Koha item type
    Other/Generic Classification Scheme     London London Books 12/12/2003 15.99 2 O025.11 WEB 30068923 06/08/2019 19/01/2007 1 15.99 06/08/2019 Book